| Tag |
First Indicator |
Second Indicator |
Subfields |
| LEADER |
00000cam a2200000 i 4500 |
| 001 |
in00000330621 |
| 005 |
20151011052523.0 |
| 008 |
760421s1975 nyua b 001 0 eng |
| 010 |
|
|
|a 76359383
|
| 019 |
|
|
|a 2082135
|
| 020 |
|
|
|a 0883031752
|
| 029 |
1 |
|
|a NLGGC
|b 11066681X
|
| 035 |
|
|
|a (OCoLC)2931146
|
| 040 |
|
|
|a DLC
|b eng
|c DLC
|d BTCTA
|d OCLCG
|d CRU
|d LGG
|d OCLCO
|d OCLCF
|d OCLCQ
|d BUB
|d OCLCO
|d LOA
|
| 043 |
|
|
|a lnbm---
|
| 049 |
|
|
|a TXAM
|
| 050 |
0 |
0 |
|a HT1105.B47
|b P3
|
| 050 |
|
0 |
|a HT1105.B47
|b P3
|
| 082 |
|
|
|a 301.44/93/097299
|
| 092 |
|
|
|a 301.44/93/097299
|
| 100 |
1 |
|
|a Packwood, Cyril Outerbridge,
|d 1930-
|
| 245 |
1 |
0 |
|a Chained on the rock :
|b slavery in Bermuda /
|c Cyril Outerbridge Packwood.
|
| 260 |
|
|
|a New York :
|b E. Torres,
|c 1975.
|
| 264 |
|
1 |
|a New York :
|b E. Torres,
|c 1975.
|
| 300 |
|
|
|a xii, 226 pages :
|b illustrations ;
|c 23 cm
|
| 336 |
|
|
|a text
|b txt
|2 rdacontent
|
| 337 |
|
|
|a unmediated
|b n
|2 rdamedia
|
| 338 |
|
|
|a volume
|b nc
|2 rdacarrier
|
| 500 |
|
|
|a Includes index.
|
| 504 |
|
|
|a Includes bibliographical references (pages 220-222) and index.
|
| 505 |
0 |
|
|a Pref. -- Introd. -- Introduction of slavery -- Slaves in society: occupations; on sea; dockyard; ownership; population; family; conversion -- Slaves before law -- To be free -- Emancipation -- Notes.
|
| 650 |
|
0 |
|a Slavery
|z Bermuda Islands.
|
| 651 |
|
4 |
|a Bermuda Islands.
|
| 776 |
0 |
8 |
|i Online version:
|a Packwood, Cyril Outerbridge, 1930-
|t Chained on the rock.
|d New York : E. Torres, 1975
|w (OCoLC)651903841
|
| 938 |
|
|
|a Baker and Taylor
|b BTCP
|n 76359383 //r88
|
| 999 |
|
|
|a MARS
|
| 999 |
f |
f |
|s d98151e4-ec6d-364a-b356-72e24d96b2d2
|i b83a3622-b2b0-31a1-89e9-287aeb49c8ad
|t 0
|
| 952 |
f |
f |
|p ric
|a Texas A&M University
|b Rellis Campus
|c Joint Library Facility
|s JLF
|d Remote Storage
|t 0
|e HT1105.B47 P3
|h Library of Congress classification
|i unmediated -- volume
|m A14803006492
|